LEADER 01123nam a2200253 i 4500 001 000000036416 003 CaOOAMICUS 005 20230928124916.0 008 071212s2002 it u000 u ita u 013 $a5874 040 $aSeMil$bita 100 1 $aAmbrosoli, Alberto.$0(OLS)http://semarc/name/17149 245 13$aLa Madonna in Campagna di Gallarate :$barte, storia, tradizioni /$cAlberto Ambrosoli. 250 $a2. ed. 264 3$aGallarate :$bParrocchia santuario di Madonna in Campagna,$c2002. 300 $a129 p. :$bill. ;$c30 cm 500 $aIn calce al front.: Nel 4. centenario di fondazione del santuario 650 4$aGallarate - Santuario della Madonna in Campagna.$0(OLS)http://semarc/subject/6962 850 $aSeMil 852 $aSeMil$W1$xVenegono$y1$m3P VI 152$j2571$B2571$CSeMilBibl$Z2$F2571 $81 961 $aOmaggio: Donazione 996 $6245$aLa Madonna in Campagna di Gallarate :$barte, storia, tradizioni$9(OLS)http://semarc/title/50397 996 $6264$aGallarate :$bParrocchia santuario di Madonna in Campagna$9(OLS)http://semarc/publisher/60504 LEADER 00762nam a2200217 i 4500 001 000000063325 003 CaOOAMICUS 005 20250729142223.0 008 080312s1931 it u000 u ita u 013 $a34497 040 $aSeMil$bita 100 1 $aDe Amicis, Edmondo,$d<1846-1908>.$0(OLS)http://semarc/name/11356 245 10$aCuore :$blibro per ragazzi /$cEdmondo De Amicis. 260 $aMilano :$bTreves,$c1931. 300 $a296 p. ;$c19 cm. 850 $aSeMil 852 $aSeMil$W1$xVenegono$y1$m1S IV 56$j29478$B29478$CSeMilBibl$Z2$F29481 $81 961 $aOmaggio: Gonella Ida 996 $6245$aCuore :$blibro per ragazzi$9(OLS)http://semarc/title/99983 996 $6260$aMilano :$bTreves$9(OLS)http://semarc/publisher/30435